| 000 | 00502nam a2200169 i 4500 | ||
|---|---|---|---|
| 001 | 92326 | ||
| 003 | ES-MaACL | ||
| 005 | 20230906180939.0 | ||
| 007 | t| | ||
| 008 | 050225s1972 sp ||||1| spa d | ||
| 100 | 1 |
_aLiesa Riverola, Celso. _972254 |
|
| 245 | 1 | 0 |
_aRestructuración de términos municipales / _cCelso Liesa Riverola. |
| 260 |
_aBarcelona : _bBayer, _c[1972] |
||
| 300 |
_a210 p. ; _c24 cm. |
||
| 650 | 4 |
_aMunicipios- _zLérida (Provincia) _9169830 |
|
| 852 |
_aES-MaACL _jC-48753 _bR.84371 |
||
| 999 |
_c92326 _d92326 |
||